Culture Générale - Série 439 - Statistiques

Statistiques générales
  • Ce quiz a été pris 284 fois
  • Le résultat moyen est 7 sur 10
Statistiques - réponses
Question Réponse % Correct
Depuis 1986, de quelle couleur sont les balles utilisées lors du tournoi du grand chelem de Wimbledon ? Jaune
98%
Que signifie le i du mot ovni ? Identifié
94%
Quel pays de l'Union européenne possède une partie de la forêt amazonienne ? France
88%
Quelle est la capitale de la Lettonie ? Riga
83%
Quelle spécialité gastronomique a valu aux Français le surnom de "froggies" ? grenouilles
68%
Dans quel sport l'Europe défie‐t‐elle l'Amérique durant la Ryder Cup ? golf
58%
Dans quel sport le Belge Tom Boonen a‐t‐il été champion du monde ? cyclisme
56%
Comment appelle‐t‐on une personne qui étudie les ovnis ? ufologue
47%
Quel pays a pour point culminant le signal de Botrange, qui s'élève à 694 mètres ? Belgique
43%
De quelle planète vient Alf, dans la célèbre série du même nom ? Mars
32%
Aucun quiz correspondant
Distribution des résultats
% des personnes avec chaque résultat
Percentile par nombre de réponses
Votre historique - résultats
Vous n’avez pas pris ce quiz